| 000 | 00522nam a2200181Ia 4500 | ||
|---|---|---|---|
| 008 | 140429s9999 xx 000 0 und d | ||
| 020 | _a9780007253500 | ||
| 050 |
_aPC 4640 _b.C595 2007 |
||
| 245 | _aCollins Spanish dictionary / | ||
| 250 | _a4th ed. | ||
| 260 |
_aNew York : _bHarperCollins Publishers, _cc2007. |
||
| 300 |
_a633 p. : _c18 cm. |
||
| 521 | _aGE | ||
| 650 |
_aEnglish language _xDictionaries --Spanish. |
||
| 650 |
_aSpanish language _xDictionaries --English. |
||
| 942 |
_kFOR _cBK |
||
| 999 |
_c115714 _d115714 |
||